Statistics for Countries North Korea hates

Click here to take the quiz!

General Stats

  • This quiz has been taken 151 times
  • The average score is 28 of 39

Answer Stats

ContinentCountry% Correct
North AmericaUnited States of America
98%
AsiaSouth Korea
93%
EuropeUnited Kingdom
93%
EuropeFrance
91%
North AmericaCanada
89%
AsiaJapan
89%
OceaniaAustralia
88%
EuropeGermany
88%
EuropeSweden
83%
EuropeSpain
82%
Asia/ EuropeTurkey
82%
EuropeItaly
81%
EuropeFinland
78%
EuropeNorway
78%
EuropeDenmark
77%
EuropeUkraine
76%
EuropeBelgium
75%
EuropeGreece
75%
OceaniaNew Zealand
75%
EuropePortugal
75%
Europethe Netherlands
72%
EuropeIreland
70%
EuropeAlbania
68%
EuropeCroatia
68%
EuropeCzech Republic
68%
EuropeEstonia
68%
EuropeSlovakia
68%
EuropeSlovenia
68%
AsiaTaiwan
68%
EuropeIceland
67%
EuropeLatvia
66%
AsiaIsrael
65%
EuropeLithuania
65%
EuropeKosovo
53%
EuropeMontenegro
50%
EuropeMalta
49%
EuropeCyprus
48%
AsiaSaudi Arabia
48%
AsiaGeorgia
44%

Score Distribution

Percentile by Number Answered

Percent of People with Each Score

Your Score History

You have not taken this quiz